000 01715nam a2200493 i 4500
001 6793
003 KOSZ 005
005 20201130143110.0
008 980702s1994 pl a |000 0 pol
015 _aUWD 1996/7374
020 _a8386123117
035 _a991004105639705066
035 _a(PL-WaBN)b11090078-48omnis_nlop
035 _ab11090078
035 _a(OCoLC)750512504
035 _a(PL)b0000001109007
035 _a(EXLNZ-48OMNIS_NETWORK)9910344106505606
040 _aWA N
_cWA N
_dKOSZ 005/HR
046 _k1994
080 _a628.4
080 _a(075.8)
100 1 _aSzymański, Kazimierz
_c(ochrona środowiska)
_eAutor
245 1 0 _aGospodarka i unieszkodliwianie odpadów komunalnych /
_cKazimierz Szymański.
260 _aKoszalin :
_bWydaw. Uczelniane Wyższej Szkoły Inżynierskiej,
_c1994.
300 _aS. 2-117 :
_brys., wykr. ;
_c24 cm.
336 _aTekst
_btxt
_2rdacontent
337 _aBez urządzenia pośredniczącego
_bn
_2rdamedia
338 _aWolumin
_bnc
_2rdacarrier
380 _aKsiążki
380 _aPublikacje dydaktyczne
385 _mPoziom nauczania
_aSzkoły wyższe
388 _a1901-2000
388 _a1989-
504 _aBibliogr. s. 116-117.
521 _aSkrypt Wydz. Budownictwa i Inżynierii Środowiska.
650 7 _aŚmieci
_2DBN
650 7 _aGospodarka odpadami
655 7 _aPodręczniki akademickie
_2DBN
658 _aInżynieria i technika
710 2 _aWydawnictwo Uczelniane (Wyższa Szkoła Inżynierska ; Koszalin)
_4pbl
856 _uhttp://koha.tu.koszalin.pl/cgi-bin/koha/opac-detail.pl?biblionumber=6793
_yKatalog online BPK
942 _2UKD
_cKS
999 _c6793
_d6793